Перипетии и коллизии культуры и цивилизации в судьбе России, Монография
| Hlavní autor: | |
|---|---|
| Shrnutí: | Книга находится в премиум-версии платформы «Русский как иностранный». Рассматривается проблема, решение которой представляет своего рода исторический код решения всех других проблем в судьбе России. Сюжет взаимоотношений культуры и цивилизации в историческом сценарии сложен и противоречив, и в нем доминантную роль играет культура, от которой в определяющей степени зависит судьба России. Для того чтобы судьба России и исторические перспективы развития российской цивилизации были успешны, необходимо осуществить обновление русской культуры и придать ей более инновационный и дееспособный характер. Автору ничего не остается, как надеяться на определенный научный интерес к монографии среди философов, историков, политологов, культурологов и всех тех, кому не безразлична судьба России и значение в ней культуры и цивилизации. Гарантированный срок размещения на платформе до 01.07.2030 (автопролонгация) |
| Vydáno: |
Ставрополь, АГРУС, 2022
|
| Vydání: | Перипетии и коллизии культуры и цивилизации в судьбе России |
| Témata: | |
| On-line přístup: | Перейти к просмотру издания |
| Médium: | MixedMaterials Elektronický zdroj |
MARC
| LEADER | 00000 a2200000 4500 | ||
|---|---|---|---|
| 001 | RU/ROS-EDU.RU/129599 | ||
| 856 | 4 | |u https://www.ros-edu.ru/book?id=129599 |z Перейти к просмотру издания | |
| 010 | |a 978-5-9596-1892-6 | ||
| 205 | |a Перипетии и коллизии культуры и цивилизации в судьбе России |b 2030-07-01 | ||
| 333 | |a Гарантированный срок размещения на платформе до 01.07.2030 (автопролонгация) | ||
| 100 | |a 20220101d2022 |||y0rusy0250 |s 2030-07-01 | ||
| 105 | |a y z 000zy | ||
| 101 | 0 | |a rus | |
| 102 | |a RU | ||
| 200 | 1 | |a Перипетии и коллизии культуры и цивилизации в судьбе России |b Электронный ресурс |e Монография |f Н. Г. Гузынин | |
| 700 | 1 | |b Н. Г. |a Гузынин |4 070 | |
| 330 | |a Рассматривается проблема, решение которой представляет своего рода исторический код решения всех других проблем в судьбе России. Сюжет взаимоотношений культуры и цивилизации в историческом сценарии сложен и противоречив, и в нем доминантную роль играет культура, от которой в определяющей степени зависит судьба России. Для того чтобы судьба России и исторические перспективы развития российской цивилизации были успешны, необходимо осуществить обновление русской культуры и придать ей более инновационный и дееспособный характер. Автору ничего не остается, как надеяться на определенный научный интерес к монографии среди философов, историков, политологов, культурологов и всех тех, кому не безразлична судьба России и значение в ней культуры и цивилизации. | ||
| 210 | |a Ставрополь |c АГРУС |d 2022 | ||
| 610 | 1 | |a перипетия | |
| 610 | 1 | |a коллизия | |
| 610 | 1 | |a русская культура | |
| 610 | 1 | |a цивилизация | |
| 610 | 1 | |a исторический код | |
| 610 | 1 | |a философия | |
| 610 | 1 | |a проблема | |
| 675 | |a 930.1 | ||
| 686 | |a 87 |2 rubbk | ||
| 300 | |a Книга находится в премиум-версии платформы «Русский как иностранный». | ||
| 215 | |a 187 с. | ||